01490nam a22003257a 4500003000400000005001700004008004100021040002200062082001800084100003000102245003000132260006000162300002100222366000800243490002700251505008200278505022000360505001200580650006000592650005200652650005300704650004300757650004500800650005600845650004700901700003600948942002900984999001501013952013601028OSt20230616070129.0221006b |||||||| |||| 00| 0 eng d cBiblioteca Lado V a709.05bG851a 9855aGriffin, Timeeditor aArtforum/bInternacional/ aNew Yorkc2004bNew York editorial and business offices c26.5x27cma324p. espa aAbrilv2001x0864-1315 tCOLUMNSaFirst Break Books News Desing Theater Hotlist Curator Top Ten tFeaturesaUp the Organization: Atelier van Lieshout A Thousand Words: Keith Tyson TV Guide: Wolf Vostell Reconsidered Rineke Dijkstra: Portafolio Color Commentary: The Art of Spencer Finch Openings: John Pilson tReviews 2Tesauro de Arte & ArquitecturaaARTE COMTEMPORANEO9703 2Tesauro de Arte & ArquitecturaaFOTOGRAFIA9702 2Tesauro de Arte & ArquitecturaaARTE VISUAL9702 2Tesauro de Arte & ArquitecturaaLIBROS 2Tesauro de Arte & ArquitecturaaNOTICIAS 2 Tesauro de Arte & ArquitecturaaARTE INTERNACIONAL 2 Tesauro de Arte & ArquitecturaaESCULTURA aNavarreta, Jose Antonioeeditor 2ddcc1h709.05iG851an0 c3839d3839 00102ddc3200440708RevistasaLVbLVd2023-06-08hSetiembrei002537l0o709.05 G851ap002537r2023-06-08 00:00:00w2023-06-08y1